[Event "CRO-ch U15 Girls"]
[Site "Trogir"]
[Date "2020.08.25"]
[Round "3"]
[White "Arnold, Dora"]
[Black "Zegrec, Ema"]
[Result "1-0"]
[WhiteElo "1595"]
[BlackElo "1477"]
[PlyCount "120"]
[EventDate "2020.08.24"]
[EventType "swiss"]
[EventRounds "9"]
[EventCountry "CRO"]
[SourceTitle "CBM 198 Extra"]
[Source "ChessBase"]
[SourceDate "2020.11.30"]
[SourceVersion "1"]
[SourceVersionDate "2020.11.30"]
[SourceQuality "1"]

1. e4 e6 2. d4 d5 3. Nd2 Nf6 4. e5 Nfd7 5. Ne2 c5 6. c3 Nc6 7. Nf3 cxd4 8. cxd4 f6 9. exf6 Nxf6 10. Nf4 Bd6 11. Qb3 Qc7 12. g3 0-0 13. Bg2 Bd7 14. 0-0 Ne4 15. Nxd5 Na5 16. Nxc7 Nxb3 17. axb3 Bxc7 18. Re1 Nd6 19. Ng5 Rf6 20. Bf4 a5 21. Bxd6 Bxd6 22. Ne4 Be7 23. Nxf6+ Bxf6 24. Rad1 Rb8 25. d5 exd5 26. Bxd5+ Kf8 27. Rc1 b6 28. Rc7 Be8 29. Re2 Bg6 30. Be6 Be8 31. Rc8 Rxc8 32. Bxc8 Bd4 33. Be6 Bc6 34. Bc4 Bc5 35. Kf1 Bf3 36. Re5 Bg4 37. Be6 Bxe6 38. Rxe6 Kf7 39. Rc6 h6 40. f4 Bd4 41. Ke2 Bg1 42. h3 Bd4 43. f5 Bxb2 44. Rxb6 Bc3 45. Kd3 Bb4 46. Ke4 Bd2 47. Rc6 Bg5 48. g4 Bh4 49. Kd5 Bg3 50. Kc4 Be1 51. Kb5 Bb4 52. Ra6 Ke7 53. Rxa5 Bxa5 54. Kxa5 Kd6 55. Kb6 Kd7 56. b4 Kc8 57. b5 Kb8 58. Kc6 Kc8 59. b6 Kb8 60. b7 Ka7 1-0

[Event "CRO-ch U13 Girls"]
[Site "Trogir"]
[Date "2018.06.18"]
[Round "5"]
[White "Zegrec, Ema"]
[Black "Bevanda, Ema"]
[Result "0-1"]
[WhiteElo "1602"]
[BlackElo "1548"]
[PlyCount "124"]
[EventDate "2018.06.16"]
[EventType "swiss"]
[EventRounds "9"]
[EventCountry "CRO"]
[SourceTitle "EXT 2019"]
[Source "ChessBase"]
[SourceDate "2018.10.10"]
[SourceVersion "1"]
[SourceVersionDate "2018.10.10"]
[SourceQuality "1"]

1. e4 e6 2. d4 d5 3. e5 c5 4. c3 Nc6 5. Nf3 cxd4 6. cxd4 Bd7 7. Nc3 Nge7 8. Bd3 a6 9. a3 Nc8 10. Be3 Be7 11. 0-0 0-0 12. h3 N8a7 13. Qd2 f6 14. exf6 Bxf6 15. Bc2 Be8 16. Bg5 Bf7 17. Rad1 Nxd4 18. Nxd4 Bxg5 19. Qe2 Qf6 20. Nf3 Bf4 21. Rfe1 Nc6 22. Bb1 Rae8 23. Qf1 Bc7 24. Rd2 Bh5 25. Rd3 Qf4 26. g3 Qf6 27. Nh2 Ne5 28. Rd2 Nc4 29. Rc2 Ba5 30. Rec1 Bg6 31. Re2 Bxb1 32. Nxb1 Nxb2 33. Nd2 Nd3 34. Rc2 e5 35. Nb3 Bb6 36. Ng4 Qf3 37. Red2 Qxg3+ 38. Qg2 Qxg2+ 39. Kxg2 Nf4+ 40. Kh2 d4 41. Nc5 Rf7 42. Ne4 Bc7 43. Kg3 Nh5+ 44. Kg2 Ref8 45. Rc5 b6 46. Rcc2 Nf4+ 47. Kg3 Nd5 48. Ng5 Re8 49. Ne4 h6 50. Kh2 h5 51. Kg3 hxg4 52. hxg4 Rf4 53. Ng5 Nc3 54. f3 e4 55. fxe4 Rfxe4+ 56. Kh4 Bd8 57. Rf2 R8e5 58. Rb2 Bxg5+ 59. Kh3 Re3+ 60. Kh2 Re2 61. Rfxe2 Rxe2+ 62. Rxe2 Nxe2 0-1

[Event "CRO-ch U13 Girls"]
[Site "Trogir"]
[Date "2018.06.17"]
[Round "3"]
[White "Zegrec, Ema"]
[Black "Arnold, Dora"]
[Result "1/2-1/2"]
[WhiteElo "1602"]
[BlackElo "1427"]
[PlyCount "147"]
[EventDate "2018.06.16"]
[EventType "swiss"]
[EventRounds "9"]
[EventCountry "CRO"]
[SourceTitle "EXT 2019"]
[Source "ChessBase"]
[SourceDate "2018.10.10"]
[SourceVersion "1"]
[SourceVersionDate "2018.10.10"]
[SourceQuality "1"]

1. e4 e5 2. Nf3 Nc6 3. Bc4 Nf6 4. d3 Bc5 5. 0-0 d6 6. h3 h6 7. c3 0-0 8. Be3 Bb6 9. Nbd2 Be6 10. Qc2 Qd7 11. Kh2 Rad8 12. Bxb6 axb6 13. Bb5 Qc8 14. Bxc6 bxc6 15. d4 exd4 16. Nxd4 Bd7 17. Nf5 Rfe8 18. Rfe1 d5 19. Ng3 dxe4 20. Ndxe4 Nd5 21. Nd2 Nf4 22. Re4 Nd5 23. Rae1 Rxe4 24. Rxe4 Re8 25. Rxe8+ Qxe8 26. Qe4 Be6 27. Nb3 Qa8 28. a3 Nxc3 29. bxc3 Bxb3 30. Qe5 Qxa3 31. Qxc7 Qc5 32. f3 Bd5 33. Nf5 b5 34. Ne7+ Kh7 35. Nxd5 Qxd5 36. Qc8 Qe5+ 37. Kh1 Qe6 38. Qc7 Qe1+ 39. Kh2 Qxc3 40. Qxf7 Qe5+ 41. Kh1 c5 42. Qd7 Qe1+ 43. Kh2 Qe5+ 44. Kh1 c4 45. f4 Qxf4 46. Qxb5 Qf1+ 47. Kh2 Qf4+ 48. Kh1 Qc1+ 49. Kh2 Qc2 50. Qb4 c3 51. Qc4 h5 52. h4 Kh6 53. Qf4+ Kh7 54. Qc4 Kh8 55. Qc8+ Kh7 56. Qc4 Qf2 57. Qxc3 Qxh4+ 58. Kg1 Qf6 59. Qd3+ Qg6 60. Qd1 Qb6+ 61. Kh1 Qg6 62. Qf3 Qb1+ 63. Kh2 Qg6 64. Qd1 h4 65. Qf3 Qf6 66. Qh5+ Qh6 67. Qf5+ Qg6 68. Qf3 Kh6 69. Qf4+ Qg5 70. Qf3 Qg3+ 71. Qxg3 hxg3+ 72. Kxg3 Kg5 73. Kf3 Kf5 74. Kg3 1/2-1/2